Music Quiz

Random Music or Song Quiz

30 Words the Beatles Couldn't Do Without Quiz Stats

 Plays Quiz Updated Jan 11, 2014

Support Sporcle.
Go Orange.
Score 0/30 Timer 01:30
1 Play Today
% Correct
Let
88.8%
Submarine
88.7%
Jude
88.6%
Hold
88.4%
Need
88.1%
You
87.7%
Twist
87.1%
Strawberry
87.1%
Hard
86.8%
Buy
86.1%
Eleanor
85.7%
Work
85.5%
Penny
84.3%
Love
83.1%
Free
82.8%
% Correct
Ballad
82.7%
Ticket
82.1%
She
81%
Paperback
79.9%
Madonna
79.2%
Goodbye
77.7%
Tripper
77.5%
Together
77.4%
Please
77.2%
From
75.2%
Fine
74.8%
That
72%
Back
71.9%
Christmas
67.2%
Rich
65.7%

You're not logged in!

Compare scores with friends on all Sporcle quizzes.
OR
Log In

From the Vault

Two Degrees of Separation - China

by schnautza

Does that make them like... cousin countries, or step countries?
Remove Ads.
Support Sporcle.
Get the best of Sporcle when you Go Orange. This ad-free experience offers more features, more stats, and more fun while also helping to support Sporcle. Thank you for becoming a member.

Show Comments

Extras

Top Quizzes Today


Score Distribution

Your Account Isn't Verified!

In order to create a playlist on Sporcle, you need to verify the email address you used during registration. Go to your Sporcle Settings to finish the process.

Report this User

Report this user for behavior that violates our Community Guidelines.

Details: